| 000 | 00968cam a2200301Ia 4500 | ||
|---|---|---|---|
| 008 | |||
| 020 | _a9780702030468 (pbk.) | ||
| 049 | _aMAIN | ||
| 090 |
_aRC733.C54 _bDEL |
||
| 100 | _ade Lacey, Gerald. | ||
| 245 | 0 | 4 |
_aThe chest X-ray : _ba survival guide / _cGerald de Lacey, Simon Morley, Laurence Berman. |
| 260 |
_aPhiladelphia : _bSaunders, _c2008. |
||
| 300 |
_aviii, 376 p. : _bill. ; _c22 cm. |
||
| 500 | _aIncludes index. | ||
| 504 | _aIncludes bibliographical references. | ||
| 650 | 0 |
_aChest _xRadiography. |
|
| 650 | 1 | 2 |
_aRadiography, Thoracic _vAtlases. |
| 650 | 2 | 2 |
_aLung Diseases _xradiography _vAtlases. |
| 650 | 2 | 2 |
_aThoracic Diseases _xradiography _vAtlases. |
| 700 | 1 | _aDe Lacey, Gerald. | |
| 700 | 1 | _aMorley, Simon. | |
| 700 | 1 |
_aBerman, Laurence, _cFRCR. |
|
| 907 |
_a.b10359631 _b28-08-15 _c26-08-15 |
||
| 003 | |||
| 005 | 20230123122144.0 | ||
| 040 | _cNUST | ||
| 942 |
_cBOOKS _kRC733.C54 _mDEL |
||
| 999 |
_c128757 _d128757 |
||